[Event "20th Prague Open 2022"]
[Site "Prague"]
[Date "2022.01.13"]
[Round "8.20"]
[White "Michalczak, Thomas"]
[Black "Mach, Ondrej"]
[Result "1-0"]
[WhiteElo "2218"]
[BlackElo "1893"]
[Annotator "ChessBase"]
[PlyCount "81"]
[EventDate "2022.01.07"]
[EventType "swiss"]
[EventCountry "CZE"]
[SourceTitle "playchess.com"]
[Source "ChessBase"]
[SourceQuality "1"]
[TimeControl "40/5400+30:1800+30"]

1. d4 {[%emt 0:03:40]} Nf6 {[%emt 0:00:13]} 2. Nf3 {[%emt 0:00:06]} b6 {[%emt 0:00:04]} 3. Bg5 {[%emt 0:00:26]} Ne4 {[%emt 0:01:01]} 4. Bh4 {[%emt 0:00:11]} Bb7 {[%emt 0:00:29]} 5. Nbd2 {[%emt 0:00:15]} d5 {[%emt 0:04:42]} 6. e3 {[%emt 0:01:24]} Nxd2 {[%emt 0:05:51]} 7. Qxd2 {[%emt 0:00:07]} c5 {[%emt 0:01:02]} 8. dxc5 {[%emt 0:03:57]} bxc5 {[%emt 0:00:26]} 9. Bb5+ {[%emt 0:00:43]} Bc6 {[%emt 0:01:24]} 10. Bxc6+ {[%emt 0:00:37]} Nxc6 {[%emt 0:00:09]} 11. Rd1 {[%emt 0:02:10]} Qb6 {[%emt 0:00:50]} 12. Qxd5 {[%emt 0:00:32]} Rd8 {[%emt 0:00:45]} 13. Qb3 {[%emt 0:00:21]} Rxd1+ {[%emt 0:01:48]} 14. Kxd1 {[%emt 0:00:07]} e6 {[%emt 0:14:23]} 15. Nd2 {[%emt 0:25:55]} Qa6 {[%emt 0:02:33]} 16. Qc4 {[%emt 0:00:34]} Qb7 {[%emt 0:03:50]} 17. Kc1 {[%emt 0:03:40]} Bd6 {[%emt 0:06:41]} 18. Ne4 {[%emt 0:11:30]} Be5 {[%emt 0:05:04]} 19. c3 {[%emt 0:00:08]} O-O {[%emt 0:02:00]} 20. Nxc5 {[%emt 0:00:10]} Qc7 {[%emt 0:01:12]} 21. Bg3 {[%emt 0:21:26]} Rd8 {[%emt 0:08:35]} 22. Rd1 {[%emt 0:00:48]} Rxd1+ {[%emt 0:03:08]} 23. Kxd1 {[%emt 0:00:06]} Qd6+ {[%emt 0:06:01]} 24. Ke2 {[%emt 0:00:11]} Bxg3 {[%emt 0:03:09]} 25. hxg3 {[%emt 0:00:08]} h6 {[%emt 0:00:42]} 26. b4 {[%emt 0:00:29]} Qe5 {[%emt 0:03:33]} 27. Nd3 {[%emt 0:01:52]} Qd6 {[%emt 0:01:11]} 28. Qc5 {[%emt 0:00:21]} Qd7 {[%emt 0:00:56]} 29. a4 {[%emt 0:01:32]} Ne7 {[%emt 0:03:00]} 30. b5 {[%emt 0:01:26]} Nd5 {[%emt 0:01:11]} 31. Ne5 {[%emt 0:01:28]} Qd8 {[%emt 0:01:35]} 32. e4 {[%emt 0:04:08]} Nb6 {[%emt 0:09:36]} 33. a5 {[%emt 0:02:03]} Na4 {[%emt 0:00:44]} 34. Qb4 {[%emt 0:00:15]} Qg5 {[%emt 0:02:53]} 35. Qxa4 {[%emt 0:05:25]} Qxe5 {[%emt 0:00:08]} 36. Qb4 {[%emt 0:00:09]} Qg5 {[%emt 0:01:12]} 37. b6 {[%emt 0:01:12]} Qc1 {[%emt 0:04:27]} 38. Qb3 {[%emt 0:00:22]} axb6 {[%emt 0:00:15]} 39. axb6 {[%emt 0:00:07]} Qa1 {[%emt 0:00:06]} 40. b7 {[%emt 0:00:24]} Qa6+ {[%emt 0:00:06]} 41. c4 {[%emt 0:30:16]} 1-0

[Event "20th Prague Open 2022"]
[Site "Prague"]
[Date "2022.01.13"]
[Round "8.21"]
[White "Rousek, Jan"]
[Black "Bomans, Arno"]
[Result "0-1"]
[WhiteElo "1908"]
[BlackElo "2246"]
[Annotator "TA"]
[PlyCount "62"]
[EventDate "2022.01.07"]
[EventType "swiss"]
[EventCountry "CZE"]
[SourceTitle "playchess.com"]
[Source "ChessBase"]
[SourceQuality "1"]

{[%evp 13,61,21,16,14,11,0,0,-6,-10,-6,-17,-16,0,-11,0,-10,0,0,0,-14,0,-29,-61,-32,0,-83,-77,-140,-136,-151,-157,-566,-562,-647,-638,-593,-631,-614,-567,-581,-541,-1016,-986,-833,-730,-715,-696,-29998,-29999,-29999]} 1. d4 {[%cal Bd2d4,Bd4d5][%mdl 32]} Nf6 2. c4 g6 3. g3 c5 4. d5 d6 5. Nc3 Bg7 6. Bg2 O-O 7. Nf3 e6 8. O-O {E64: King's Indian: Fianchetto: 6...c5 7 d5.} exd5 9. Nxd5 Nxd5 10. cxd5 {The position is equal.} Re8 11. Re1 {[#]} Nd7 $146 ({Predecessor:} 11... b5 12. e4 Bg4 13. h3 Bxf3 14. Qxf3 Nd7 15. Qe2 c4 16. a4 a6 17. Be3 Ne5 {0-1 (52) Jordaan,W (1529)-Kahl,F (2302) LSS email 2015}) 12. e4 a6 13. a4 Rb8 {[%cal Ba8b8,Bb8b6,Bb6b4][%mdl 32]} 14. a5 b5 15. axb6 Rxb6 16. Rb1 Rb4 17. Nd2 Ne5 18. Qc2 {Inhibits Nd3.} c4 19. Bf1 {[#]} (19. b3 $1 $11) 19... Bd7 $1 $17 20. Ra1 {Inhibits Ba4.} (20. Re3 $142) 20... Qb6 21. Kg2 Rc8 {[%cal Be8c8,Bc8c4,Bc4a4][%mdl 32] Black is much more active.} (21... c3 22. bxc3 Ng4 23. Nf3 (23. Nc4 Rxc4 24. Bxc4 Bxc3 $11) 23... Bxc3 24. Rxa6 $11 (24. Qxc3 Qxf2+ 25. Kh1 Rbxe4 $17)) 22. f4 $2 {Loses the game.} (22. Be2 $17 {is a better chance.}) 22... Ng4 $19 {( -> ...Qf2+)} 23. Nxc4 {[#]} Rbxc4 {[%mdl 512]} 24. Bxc4 {[#]} Rxc4 $1 {[%mdl 512]} 25. Qd2 Ba4 26. Rxa4 Rxa4 27. Qc2 {[#]} Rc4 {[%mdl 512] Prevents Qc8+.} 28. Qe2 {[#]} h5 $1 {[%cal Oc4e4][%mdl 512] And now ...Rxe4! would win.} 29. h3 {[#]} Rxe4 $1 {[%mdl 512]} 30. Qxe4 (30. Qd2 Rxe1) 30... Qf2+ 31. Kh1 Qh2# {Weighted Error Value: White=0.99/Black=0.10 (very precise)} 0-1

[Event "20th Prague Open 2022"]
[Site "Prague"]
[Date "2022.01.13"]
[Round "8.22"]
[White "Oye-Stromberg, Alexander"]
[Black "Kukucka, Matej"]
[Result "1-0"]
[WhiteElo "2238"]
[BlackElo "2104"]
[Annotator "TA"]
[PlyCount "83"]
[EventDate "2022.01.07"]
[EventType "swiss"]
[EventCountry "CZE"]
[SourceTitle "playchess.com"]
[Source "ChessBase"]
[SourceQuality "1"]

{[%evp 17,83,-13,-5,-21,0,-42,-17,-18,0,0,9,0,46,34,41,40,49,-24,0,0,3,12,5,0,0,-29,0,0,42,28,27,33,45,42,36,47,80,74,129,129,129,134,117,127,252,250,250,249,234,222,460,283,289,268,392,389,386,386,375,368,341,274,368,368,463,463,411,401]} 1. e4 e6 2. d4 d5 3. Nd2 a6 4. Ngf3 c5 5. exd5 exd5 6. dxc5 Bxc5 7. Nb3 Bb6 8. Be2 Nf6 9. O-O O-O 10. Nbd4 {C08: French Tarrasch: 3...c5 4 exd5 exd5 sidelines.} Nc6 11. h3 (11. Be3 $11) 11... Qd6 12. Be3 {The position is equal.} Bc7 {[#]} 13. Re1 $146 ({Predecessor:} 13. Bd3 Re8 14. Ne2 Rxe3 15. fxe3 Ne5 16. Ned4 Bxh3 17. Rf2 Bg4 18. Be2 Ne4 19. Nxe5 Qxe5 20. Rf4 g5 21. Rxe4 Qh2+ 22. Kf1 Qh1+ 23. Kf2 Bg3+ 24. Kxg3 Qh4# {0-1 (24) Pettersson,G-Nygren,T Sweden 1986}) 13... Ne4 14. Bd3 f5 (14... Re8 $11 {is superior.}) 15. Nxc6 $14 bxc6 16. c4 $1 Re8 17. c5 (17. cxd5 $14 cxd5 18. Rc1) 17... Qf8 (17... Nxc5 $2 18. Bxc5 Rxe1+ 19. Qxe1 $18) (17... Qg6 $5 {[%cal Rf5f4]}) 18. b4 Bd7 19. Bd4 a5 20. a3 h6 21. Bb2 Qf7 (21... Rab8 $5 {[%cal Ra5b4]}) 22. Qc2 Re7 (22... Qg6 $11 {feels stronger.}) 23. Nd4 {[%cal Bf3d4,Bd4b5,Bb5d6][%mdl 32]} Rae8 24. b5 Nxc5 $1 25. Rxe7 Qxe7 26. bxc6 Nxd3 27. Qxd3 {Black is now going downhill.} Bc8 ({Better is} 27... Qe1+ 28. Rxe1 Rxe1+ 29. Qf1 Rxf1+ 30. Kxf1 Bc8) 28. Nb5 $16 {White is more active.} Qe1+ 29. Qf1 Qxf1+ 30. Rxf1 Be5 (30... Bb6 $16 {was called for.}) 31. Bxe5 $18 Rxe5 {[%mdl 4096] Endgame KRB-KRN} 32. Nd6 Ba6 {[#]} 33. c7 $1 Re2 $2 (33... d4 34. c8=Q+ Bxc8) 34. c8=Q+ Bxc8 35. Nxc8 {aiming for Rd1. KRN-KR} Ra2 (35... Kf7 {keeps fighting.} 36. Nb6 Rd2) 36. Ne7+ Kf7 37. Nxd5 Rxa3 38. Re1 a4 39. Nb6 Ra2 40. g3 a3 41. Nc4 Kf6 42. Kg2 {Weighted Error Value: White=0.16 (very precise) /Black=0.31} 1-0

[Event "20th Prague Open 2022"]
[Site "Prague"]
[Date "2022.01.13"]
[Round "8.23"]
[White "Babula, Vlastimil"]
[Black "Llopis de Aysa, Manuel"]
[Result "1-0"]
[WhiteElo "2561"]
[BlackElo "2035"]
[Annotator "TA"]
[PlyCount "127"]
[EventDate "2022.01.07"]
[EventType "swiss"]
[EventCountry "CZE"]
[SourceTitle "playchess.com"]
[Source "ChessBase"]
[SourceQuality "1"]

{[%evp 16,127,34,18,31,25,37,17,20,28,37,28,15,5,31,24,35,16,11,-19,21,15,20,-3,23,27,32,50,30,25,20,0,0,-14,0,0,7,0,14,10,32,13,20,5,9,12,17,2,44,43,50,31,26,0,14,0,0,0,0,0,0,0,0,0,28,0,0,0,0,0,7,7,7,0,0,0,32,31,18,0,0,0,0,0,33,0,35,0,108,75,92,43,29,0,65,27,32,0,0,-3,0,0,0,0,0,0,0,-53,0,0,102,59,526,508]} 1. e4 d6 2. d4 Nf6 3. Nc3 e5 4. Nf3 Nbd7 5. Bc4 Be7 6. O-O O-O 7. Re1 c6 8. a4 a5 {8...h6 gains popularity.} 9. b3 h6 {C41: Philidor Defence.} 10. h3 Re8 11. Bb2 Qc7 {The position is equal.} 12. Qd2 Nf8 13. Bd3 $5 {[%mdl 4] Exploring less charted territory.} Ng6 14. Ne2 {[#]} Nh7 $146 {[%cal Bf6h7,Bh7g5,Bg5e6][%mdl 32]} ({Predecessor:} 14... Nh5 15. c4 Bf6 16. Bc3 b6 17. Rad1 Ra7 18. d5 c5 19. Kh2 Nhf4 20. Nxf4 Nxf4 {0-1 (49) Yurtseven,M (2299)-Bortnyk,O (2553) Kocaeli 2015}) 15. c4 Ng5 16. Qe3 Ne6 17. Ng3 exd4 18. Nxd4 Bg5 19. Qe2 Ngf4 {[%cal Bg6f4,Bf4e6,Be6c5][%mdl 32]} 20. Qc2 Nxd4 21. Bxd4 Ne6 22. Bc3 Bf4 $1 {Prevents e5.} 23. Nf5 Be5 24. Rac1 Nc5 25. Nd4 Bd7 26. Bf1 Ne6 27. Nxe6 Bxe6 28. Bd2 Bd4 29. Bf4 Rad8 30. Rcd1 Qb6 31. Rd2 Be5 (31... Bc5 $11) 32. Be3 $14 Qc7 33. f4 Bf6 34. Red1 b6 35. Rd3 Bc8 36. R3d2 Bf5 37. Bd3 Bc8 38. Bf2 Bb7 39. Be2 Bc8 40. Bf3 Bb7 41. Rd3 c5 $1 42. R3d2 Bc6 43. Re1 Qb7 44. Qd3 Qc7 45. h4 g5 46. hxg5 hxg5 47. g3 Kg7 48. Bg2 Rh8 49. Qf3 Bb7 50. Rd3 Bc6 51. Qe2 Be7 (51... gxf4 $11 52. Qg4+ (52. gxf4 Rdg8 $11) 52... Kf8) 52. Qd2 Bf6 {[#]} 53. Rd1 ({Don't play} 53. fxg5 Be5 $11) (53. Be3 $1 $16) 53... Qb7 54. Re1 (54. Rxd6 $2 Bxe4 55. Rd5 Bxd5 56. cxd5 gxf4 57. Qxf4 Qe7 $19) 54... Rhe8 ({Black should try} 54... Qc7 $1 $11) 55. fxg5 ({Don't blunder} 55. Rxd6 $2 Rxd6 56. Qxd6 Rd8 57. Qxc6 Qxc6 $19) (55. e5 $5 dxe5 56. fxg5 $14) 55... Be5 56. Kf1 Rh8 57. Qe3 Qe7 58. Qd2 Rh5 59. g4 Rh2 60. Bg3 {The board is on fire.} Rhh8 61. Rf3 ({Better is} 61. Kg1 $11) 61... Bxg3 (61... Bd7 $1 $15) 62. Rxg3 $11 Kg6 (62... Qe5 $11 {remains equal.} 63. Rf3 Bd7) 63. Qf2 ({White should play} 63. Qf4 $16) 63... Qxg5 $2 {[%mdl 8192] [#]} (63... Bd7 $14) 64. Qf5+ {Weighted Error Value: White=0.14 (very precise) /Black=0.30} 1-0

[Event "20th Prague Open 2022"]
[Site "Prague"]
[Date "2022.01.13"]
[Round "8.24"]
[White "Moser, Axel"]
[Black "Nielsen, Andre"]
[Result "0-1"]
[WhiteElo "2139"]
[BlackElo "2232"]
[Annotator "TA"]
[PlyCount "74"]
[EventDate "2022.01.07"]
[EventType "swiss"]
[EventCountry "CZE"]
[SourceTitle "playchess.com"]
[Source "ChessBase"]
[SourceQuality "1"]

{[%evp 14,74,19,16,24,14,3,-47,-35,-79,-77,-145,-113,-224,-91,-95,-96,-91,-75,-89,-78,-72,-23,-29,-39,-30,-3,-11,0,-73,-56,-66,-59,-66,-41,-103,-101,-166,-148,-142,-142,-145,-149,-158,-149,-327,-301,-358,-350,-339,-351,-330,-312,-489,-485,-442,-328,-393,-387,-354,-317,-300,-280]} 1. d4 Nf6 2. Nf3 g6 3. c4 Bg7 4. Nc3 O-O 5. Bg5 d6 6. e3 c5 7. d5 {is currently scoring better than 7.Be2.} h6 8. Bh4 Bf5 {E61: King's Indian: Early deviations for White, including Smyslov System.} 9. Nd2 Qb6 {[#]} 10. e4 $146 (10. Qc1 $11) ({Predecessor:} 10. Qc1 Na6 11. a3 g5 12. Bg3 Nh5 13. Be2 Nxg3 14. hxg3 e6 15. O-O Bg6 16. Bf3 {1-0 (52) Efimenko,Z (2643)-Nataf,I (2583) Montreal 2005}) 10... Qxb2 $15 {Black is slightly better.} 11. Na4 (11. Rc1 $15 Bg4 12. f3) 11... Qd4 $17 12. f3 ({White should try} 12. exf5 Qxh4 13. Rb1) 12... Bd7 13. Rb1 {[#]} (13. Bf2 $17 {only move.} Bxa4 14. Bxd4 Bxd1 15. Bxf6 Bxf6 16. Rxd1) 13... Qe3+ (13... Nxd5 $1 $19 {[%mdl 512] Hoping for ...Bxa4.} 14. cxd5 Bxa4) 14. Be2 Qa3 {[%csl LRa2,LRa4]} 15. Nb2 Nh5 (15... Qxa2 $6 16. Nd3 g5 17. Bf2 $15) 16. Nd3 g5 ({Don't play} 16... Qxa2 $6 17. Bxe7 Bc3 18. Rxb7 $11) 17. Bf2 Ba4 (17... Na6 $17) 18. Qc1 $11 Qxc1+ ({Don't take} 18... Qxa2 19. e5 Nf4 20. Nxf4 gxf4 21. Ra1 $11) 19. Rxc1 Na6 20. g3 $1 {Inhibits Nf4.} Nf6 {[%cal Bh5f6,Bf6g4,Bg4e3][%mdl 32]} 21. O-O (21. Be3 $11 {remains equal.}) 21... b6 22. f4 Nb4 23. Nxb4 cxb4 24. Bd3 (24. Be3 $15) 24... Ng4 $17 25. Be1 (25. Nf3 $17) 25... Bd4+ 26. Kh1 Ne3 27. Rf3 g4 $36 {[%mdl 2048] White is under strong pressure. Black is much more active. White has bad knights.} 28. Rf2 Nd1 29. Re2 {Now White is beyond hope.} (29. Rg2 $17) 29... Nc3 $19 30. Nb3 Nxe2 31. Bxe2 Bxb3 32. axb3 a5 {Threatens to win with ...a4.} 33. Bxg4 (33. Bd1 {keeps fighting.}) 33... a4 34. bxa4 b3 {[%cal Bb4b3,Bb3b2][%mdl 32]} 35. Bd7 b2 36. Rb1 Ra7 37. Bc6 {[#]} Rfa8 $1 {[%mdl 512] Weighted Error Value: White=0.36/Black=0.16 (very precise)} 0-1